Lecturas sobre política fiscal
Zapisane w:
| Główni autorzy: | , |
|---|---|
| Format: | Książka |
| Język: | hiszpański |
| Wydane: |
Madrid
Revista de Occidente
1959
|
| Seria: | Biblioteca de la Ciencia Económica
|
| Hasła przedmiotowe: | |
| Etykiety: |
Dodaj etykietę
Nie ma etykietki, Dołącz pierwszą etykiete!
|
MARC
| LEADER | 00000nam a2200000 a 4500 | ||
|---|---|---|---|
| 001 | UCT8880 | ||
| 003 | CL-VaPUC | ||
| 008 | 970326e19590000SP |||||||||||||||||spa|d | ||
| 082 | 0 | 4 | |a 336.3 |b SMI |2 21 |
| 100 | 0 | |a Smithies, Arthur |e author |9 381062 | |
| 700 | 0 | |a Butters, J. Keith |e author |9 381063 | |
| 245 | 1 | 0 | |a Lecturas sobre política fiscal |
| 300 | |a 748 p | ||
| 942 | |c BK | ||
| 945 | |d 19970326 00:00:00 |a lriquelm | ||
| 260 | |a Madrid |b Revista de Occidente |c 1959 | ||
| 650 | 0 | |a Política fiscal |9 317354 | |
| 650 | 0 | |a Política monetaria |9 258279 | |
| 650 | 0 | |a Inflación |9 257218 | |
| 650 | 7 | |a ESTABILIZACION ECONOMICA |2 CL-VaPUC |9 379640 | |
| 650 | 0 | |a Deuda pública |9 317902 | |
| 650 | 7 | |a GASTOS INTERNOS |2 CL-VaPUC |9 381064 | |
| 650 | 0 | |a Desarrollo económico |9 259599 | |
| 583 | |a last modification |c 19970326 00:00:00 |k Rodrigo Vera | ||
| 490 | 0 | |a Biblioteca de la Ciencia Económica | |
| 999 | |c 257352 |d 257350 | ||
| 952 | |0 0 |1 0 |4 0 |6 336_300000000000000_SMI_1959 |7 0 |8 A |9 280760 |a BIBDER |b BIBDER |d 2019-11-19 |i 1814648 |o 336.3 SMI 1959 |p 1814648 |r 2023-01-25 |w 2019-11-19 |y BK |k DER | ||